Le héros détrôné dans le Jonas de J. de Coras (notice n° 1653838)
[ vue normale ]
| 000 -LEADER | |
|---|---|
| fixed length control field | 01324cam a2200157 4500500 |
| 005 - DATE AND TIME OF LATEST TRANSACTION | |
| control field | 20260208005810.0 |
| 041 ## - LANGUAGE CODE | |
| Language code of text/sound track or separate title | fre |
| 042 ## - AUTHENTICATION CODE | |
| Authentication code | dc |
| 100 10 - MAIN ENTRY--PERSONAL NAME | |
| Personal name | Philipps, Lionel |
| Relator term | author |
| 245 00 - TITLE STATEMENT | |
| Title | Le héros détrôné dans le Jonas de J. de Coras |
| 260 ## - PUBLICATION, DISTRIBUTION, ETC. | |
| Date of publication, distribution, etc. | 2005.<br/> |
| 500 ## - GENERAL NOTE | |
| General note | 81 |
| 520 ## - SUMMARY, ETC. | |
| Summary, etc. | Le Jonas ou Ninive pénitente de Jacques de Coras témoigne d’un travail de détournement systématique de l’écriture épique classique, dont le progrès clair et réfléchi rend compte de l’affirmation d’une formule neuve et moderne, celle du Poème Sacré. Tout repose ainsi sur le déséquilibre orchestré entre la figure traditionnellement centrale du guerrier, peu à peu désacralisée du destinataire Turenne à Phul, roi de Ninive, et la figure, théoriquement secondaire, du prophète, exhaussée au statut héroïque. Mais Coras va plus loin qui, préférant Jonas à Élie ou Élysée également évoqués dans le récit, fait l’apologie de la prophétie non réalisée quoique efficace, de la parole demeurée parole et, par là même, rétablit la dignité de la poésie. |
| 786 0# - DATA SOURCE ENTRY | |
| Note | Revue d'histoire littéraire de la France | 105 | 1 | 2005-02-01 | p. 55-77 | 0035-2411 |
| 856 41 - ELECTRONIC LOCATION AND ACCESS | |
| Uniform Resource Identifier | <a href="https://shs.cairn.info/revue-d-histoire-litteraire-de-la-france-2005-1-page-55?lang=fr&redirect-ssocas=7080">https://shs.cairn.info/revue-d-histoire-litteraire-de-la-france-2005-1-page-55?lang=fr&redirect-ssocas=7080</a> |
Pas d'exemplaire disponible.




Réseaux sociaux